| 000 | 00597nam a2200205 a 4500 | ||
|---|---|---|---|
| 005 | 20210223125143.0 | ||
| 008 | 031003s1970 ag r 000 0 spa d | ||
| 035 | _aUPN01000129567 | ||
| 049 | _aCG | ||
| 050 | 4 |
_aTT900 C6 _bS6.28 |
|
| 100 | 1 | _aSocher, M. von | |
| 245 | 1 | 0 |
_aCollares y adornos de fantasía / _cM. von Socher ; tr. Juan Jorge Thomas. |
| 260 |
_aBuenos Aires : _bKapelusz, _c1970. |
||
| 300 |
_a84 p. : _bil. |
||
| 440 | 0 | _aCómo hacer | |
| 650 | 4 | _aLABORES (ABALORIOS, ADORNOS) | |
| 650 | 4 |
_aDECORACION Y ORNAMENTACION _9375 |
|
| 650 | 4 | _aJOYAS DE FANTASIA | |
| 905 | _aLibro | ||
| 999 |
_c101739 _d101739 |
||